| 000 | 00963nam a2200313 a 4500 | ||
|---|---|---|---|
| 001 | 00002356 | ||
| 003 | DO-SdBPM | ||
| 005 | 20241213082528.0 | ||
| 007 | 00002356 | ||
| 008 | 090819s2005 sp 000 spa d | ||
| 020 | _a8497646983 | ||
| 040 |
_aDO-SdBPM _bspa _cBPMSU |
||
| 082 | 4 |
_a813.4 _bT969a 2005 _222 |
|
| 100 | 1 |
_aTwain, Mark, _c1835-1910. |
|
| 240 |
_aThe adventures _hespañol |
||
| 245 | 4 |
_a Las aventuras de Tom Sawyer / _cMark Twain ; traducción Ramón Sopa _b |
|
| 260 |
_aMadrid : _bEdimat, _c2005 |
||
| 300 |
_a268 p. ; _b2o cm. |
||
| 490 | 0 |
_a Clásicos de la literatura _v |
|
| 590 | _aInventatariado, 2024/VM | ||
| 650 | 4 |
_aNovela juvenil estadounidense _ySiglo XIX |
|
| 650 | 4 |
_aLiteratura juvenil estadounidense _ySiglo XIX |
|
| 650 | 4 |
_aAventuras _vNovela |
|
| 700 | 1 |
_aSopena, Ramón _etraductor |
|
| 700 |
_4Rolfe, Doris _atr. |
||
| 830 |
_p _v |
||
| 910 | _aVMateo V. Control de calidad. BPMSU | ||
| 942 |
_2ddc _cBK |
||
| 999 |
_c10684 _d10684 |
||